[Event "Cluj Napocensis Rapid op 40th"]
[Site "Cluj"]
[Date "2022.06.18"]
[Round "3"]
[White "Cojocneanu, Radu Ioan"]
[Black "Malinovsky, Rostyslav"]
[Result "0-1"]
[WhiteElo "1990"]
[BlackElo "2096"]
[PlyCount "90"]
[EventDate "2022.06.18"]
[EventType "swiss (rapid)"]
[EventRounds "7"]
[EventCountry "ROU"]
[SourceTitle "EXT 2024"]
[Source "ChessBase"]
[SourceDate "2023.10.10"]
[SourceVersion "1"]
[SourceVersionDate "2023.10.10"]
[SourceQuality "1"]

1. e4 c5 2. d4 cxd4 3. c3 Nf6 4. e5 Nd5 5. cxd4 e6 6. Nc3 Nxc3 7. bxc3 d6 8. Ba3 dxe5 9. Bxf8 Rxf8 10. dxe5 Qxd1+ 11. Rxd1 Nc6 12. Nf3 Bd7 13. Bd3 h6 14. Be4 Ke7 15. Ke2 Rfd8 16. Rd2 Be8 17. Rb1 b6 18. Rbd1 Rxd2+ 19. Rxd2 Rc8 20. Ke3 Na5 21. Rc2 Ba4 22. Rc1 Nc4+ 23. Kf4 g5+ 24. Kg4 Rc5 25. Kh5 Nxe5 26. h3 Nxf3 27. Bxf3 Kf6 28. Kxh6 Rc8 29. Kh7 Bc6 30. Bxc6 Rxc6 31. g3 a6 32. h4 gxh4 33. gxh4 Rc4 34. h5 b5 35. h6 b4 36. Kg8 Rc8+ 37. Kh7 bxc3 38. Rc2 Rc5 39. f4 Rc8 40. a4 a5 41. f5 exf5 42. Rg2 c2 43. Rg6+ Ke5 44. Rg8 Rxg8 45. Kxg8 c1Q 0-1

[Event "Titled Tuesday intern op 20th July"]
[Site "Chess.com INT"]
[Date "2021.07.20"]
[Round "10"]
[White "Malinovsky, Rostyslav"]
[Black "Ouellet, Maili Jade"]
[Result "0-1"]
[WhiteElo "2107"]
[BlackElo "2257"]
[PlyCount "114"]
[EventDate "2021.07.20"]
[EventType "swiss (blitz)"]
[EventRounds "11"]
[EventCountry "USA"]
[SourceTitle "CBM 203 Extra"]
[Source "ChessBase"]
[SourceDate "2021.09.30"]
[SourceVersion "1"]
[SourceVersionDate "2021.09.30"]
[SourceQuality "1"]

1. d4 d5 2. c4 e6 3. Nc3 Nf6 4. cxd5 exd5 5. Bg5 Be7 6. Qc2 0-0 7. e3 Nbd7 8. Bd3 c6 9. Nf3 Re8 10. h3 Nf8 11. 0-0-0 b5 12. Ne5 Bb7 13. Kb1 a5 14. g4 a4 15. Rc1 Qa5 16. f4 b4 17. Ne2 b3 18. axb3 axb3 19. Qxb3 Reb8 20. Nc3 Ba6 21. Qa2 Bxd3+ 22. Nxd3 Qb6 23. Na4 Qb5 24. Ndc5 Bxc5 25. Rxc5 Qxa4 26. Qxa4 Rxa4 27. Bxf6 gxf6 28. Rxc6 Rab4 29. Rh2 Rb3 30. Re2 Re8 31. Rc3 Rxc3 32. bxc3 Nd7 33. Kc2 Nb6 34. Kd3 Kg7 35. e4 dxe4+ 36. Rxe4 Rxe4 37. Kxe4 Kf8 38. Kf5 Ke7 39. g5 Nd5 40. gxf6+ Nxf6 41. c4 h6 42. h4 Nd7 43. c5 Nf6 44. Ke5 Nd7+ 45. Kd5 Nb8 46. c6 Na6 47. Ke5 Nc7 48. d5 Nb5 49. Kf5 Nd6+ 50. Ke5 f6+ 51. Kd4 Nf5+ 52. Kc5 Nd6 53. Kb6 Kd8 54. c7+ Kd7 55. f5 Nxf5 56. Kb7 Nd6+ 57. Kb8 f5 0-1

[Event "Kiev Spring op"]
[Site "Kiev"]
[Date "2021.07.15"]
[Round "7"]
[White "Shishkin, Vadim"]
[Black "Malinovsky, Rostyslav"]
[Result "1-0"]
[WhiteElo "2434"]
[BlackElo "2107"]
[PlyCount "117"]
[EventDate "2021.07.10"]
[EventType "swiss"]
[EventRounds "9"]
[EventCountry "UKR"]
[SourceTitle "EXT 2024"]
[Source "ChessBase"]
[SourceDate "2023.10.10"]
[SourceVersion "1"]
[SourceVersionDate "2023.10.10"]
[SourceQuality "1"]

1. d4 Nf6 2. c4 d6 3. Nc3 e5 4. Nf3 exd4 5. Nxd4 g6 6. g3 Bg7 7. Bg2 0-0 8. 0-0 Nbd7 9. b3 Re8 10. Bb2 a5 11. Qc2 Nc5 12. Rad1 c6 13. e3 Qb6 14. Ba3 Bg4 15. Rd2 Rad8 16. h3 Bc8 17. Rfd1 Qc7 18. Re2 Nfd7 19. Red2 Nb8 20. Bb2 Nba6 21. a3 Qb6 22. g4 Qc7 23. Nce2 Qe7 24. Ng3 Be5 25. Nde2 Qf6 26. Bxe5 Qxe5 27. Nd4 d5 28. cxd5 cxd5 29. Nde2 a4 30. b4 Nb3 31. Rxd5 Rxd5 32. Bxd5 Be6 33. Bxb7 Nc7 34. Qc3 Qxc3 35. Nxc3 Rb8 36. Bc6 Rb6 37. Bxa4 Ra6 38. Nge4 Nd5 39. Bxb3 Nxc3 40. Nxc3 Bxb3 41. Ra1 Rc6 42. Ne4 f5 43. Nc5 Bd5 44. g5 h6 45. gxh6 g5 46. Rd1 Bf3 47. Rd8+ Kh7 48. Kh2 g4 49. h4 g3+ 50. Kxg3 Be2 51. Kf4 Rg6 52. Rd2 Bh5 53. f3 Kxh6 54. b5 Rb6 55. a4 Be8 56. Rd5 Kh5 57. Rxf5+ Kxh4 58. Rf8 Bh5 59. e4 1-0

[Event "Kiev Spring op"]
[Site "Kiev"]
[Date "2021.07.12"]
[Round "3"]
[White "Malinovsky, Rostyslav"]
[Black "Perets, Dmitry"]
[Result "1-0"]
[WhiteElo "2107"]
[BlackElo "1712"]
[PlyCount "57"]
[EventDate "2021.07.10"]
[EventType "swiss"]
[EventRounds "9"]
[EventCountry "UKR"]
[SourceTitle "EXT 2024"]
[Source "ChessBase"]
[SourceDate "2023.10.10"]
[SourceVersion "1"]
[SourceVersionDate "2023.10.10"]
[SourceQuality "1"]

1. d4 Nf6 2. c4 c5 3. d5 b5 4. Qc2 d6 5. e4 g6 6. cxb5 Bg7 7. Nf3 0-0 8. Nc3 a6 9. a4 axb5 10. Bxb5 Na6 11. h3 Nb4 12. Qe2 Ba6 13. 0-0 Qb6 14. Nd2 Rfb8 15. Nc4 Qd8 16. Bxa6 Rxa6 17. a5 Nd7 18. f4 Nb6 19. Nxb6 Rbxb6 20. axb6 Rxa1 21. Qb5 Bd4+ 22. Kh2 Bxc3 23. bxc3 Na6 24. Bb2 Rxf1 25. Qxa6 Rf2 26. Bc1 e5 27. b7 Qh4 28. b8Q+ Kg7 29. Qaxd6 1-0

[Event "Titled Tuesday intern op 29th June"]
[Site "Chess.com INT"]
[Date "2021.06.29"]
[Round "1"]
[White "Malinovsky, Rostyslav"]
[Black "Ichimura G Barbosa, Larissa Yuki"]
[Result "1-0"]
[WhiteElo "2174"]
[BlackElo "2007"]
[PlyCount "55"]
[EventDate "2021.06.29"]
[EventType "swiss (blitz)"]
[EventRounds "11"]
[EventCountry "USA"]
[SourceTitle "CBM 203 Extra"]
[Source "ChessBase"]
[SourceDate "2021.09.30"]
[SourceVersion "1"]
[SourceVersionDate "2021.09.30"]
[SourceQuality "1"]

1. e4 c5 2. Be2 d6 3. f4 Nf6 4. d3 Nc6 5. Nf3 e6 6. 0-0 Be7 7. c3 0-0 8. Qe1 b5 9. Kh1 a5 10. Be3 b4 11. Nbd2 Ba6 12. f5 Qc7 13. Ng5 h6 14. Nh3 Ne5 15. c4 a4 16. Qg3 Kh8 17. fxe6 fxe6 18. Nf4 Rf7 19. Nxe6 Qd7 20. Nf4 Raf8 21. Ng6+ Nxg6 22. Qxg6 Bc8 23. h3 Qe6 24. Rf3 Qe5 25. Rb1 Qh5 26. Qxh5 Nxh5 27. Rxf7 Rxf7 28. Bxh5 1-0

[Event "Titled Tuesday intern op 29th June"]
[Site "Chess.com INT"]
[Date "2021.06.29"]
[Round "7"]
[White "Malinovsky, Rostyslav"]
[Black "Iskusnyh, Sergei"]
[Result "0-1"]
[WhiteElo "2174"]
[BlackElo "2473"]
[PlyCount "72"]
[EventDate "2021.06.29"]
[EventType "swiss (blitz)"]
[EventRounds "11"]
[EventCountry "USA"]
[SourceTitle "CBM 203 Extra"]
[Source "ChessBase"]
[SourceDate "2021.09.30"]
[SourceVersion "1"]
[SourceVersionDate "2021.09.30"]
[SourceQuality "1"]

1. d4 d5 2. Bf4 Nf6 3. e3 c5 4. c3 Nc6 5. Nf3 Qb6 6. Qb3 c4 7. Qc2 Bf5 8. Qc1 e6 9. Nbd2 h6 10. Be2 Be7 11. 0-0 0-0 12. h3 Rfc8 13. Ne5 Qd8 14. Bh2 b5 15. a3 a5 16. Nxc6 Rxc6 17. Bf3 b4 18. axb4 axb4 19. Re1 Rca6 20. Rxa6 Rxa6 21. Be5 Bd3 22. e4 bxc3 23. bxc3 Ra2 24. Bxf6 Bxf6 25. exd5 exd5 26. Nf1 Bh4 27. g3 Bg5 28. Qd1 Qa5 29. h4 Bf6 30. Ne3 Qxc3 31. Nxd5 Qxd4 32. Nxf6+ Qxf6 33. Re3 Ra1 34. Qxa1 Qxa1+ 35. Kg2 Qf1+ 36. Kh2 Qxf2+ 0-1

[Event "Titled Tuesday intern op 29th June"]
[Site "Chess.com INT"]
[Date "2021.06.29"]
[Round "3"]
[White "Malinovsky, Rostyslav"]
[Black "Mekhitarian, Krikor Sevag"]
[Result "0-1"]
[WhiteElo "2174"]
[BlackElo "2554"]
[PlyCount "44"]
[EventDate "2021.06.29"]
[EventType "swiss (blitz)"]
[EventRounds "11"]
[EventCountry "USA"]
[SourceTitle "CBM 203 Extra"]
[Source "ChessBase"]
[SourceDate "2021.09.30"]
[SourceVersion "1"]
[SourceVersionDate "2021.09.30"]
[SourceQuality "1"]

1. d4 Nf6 2. c4 g6 3. Nc3 d5 4. cxd5 Nxd5 5. e4 Nxc3 6. bxc3 Bg7 7. Nf3 c5 8. Be3 Qa5 9. Nd2 Qc7 10. Rc1 0-0 11. Be2 b6 12. 0-0 Nd7 13. d5 e6 14. c4 exd5 15. cxd5 Re8 16. f4 Bb7 17. Bf3 b5 18. e5 c4 19. a4 a6 20. Ne4 Bf8 21. d6 Qc8 22. Ng5 Bh6 0-1

[Event "UKR-KGZ Match"]
[Site "Tornelo INT"]
[Date "2021.02.14"]
[Round "1.2"]
[White "Sezdbekov, Ruslan"]
[Black "Malinovsky, Rostyslav"]
[Result "1-0"]
[WhiteElo "2229"]
[BlackElo "2174"]
[PlyCount "127"]
[EventDate "2021.02.14"]
[EventType "team-match (rapid)"]
[EventRounds "2"]
[EventCountry "UKR"]
[SourceTitle "CBM 200 Extra"]
[Source "ChessBase"]
[SourceDate "2021.03.31"]
[SourceVersion "1"]
[SourceVersionDate "2021.03.31"]
[SourceQuality "1"]
[WhiteTeam "Kyrgyzstan"]
[BlackTeam "Ukraine"]
[WhiteTeamCountry "KGZ"]
[BlackTeamCountry "UKR"]

1. e4 c6 2. Nf3 d5 3. Nc3 Bg4 4. exd5 cxd5 5. h3 Bxf3 6. Qxf3 e6 7. d4 Nc6 8. Bb5 Nf6 9. 0-0 a6 10. Bxc6+ bxc6 11. Bf4 Bd6 12. Rfe1 0-0 13. Be5 Bxe5 14. Rxe5 Qb6 15. Qd3 Nd7 16. Re3 c5 17. Na4 Qc6 18. Nxc5 Nxc5 19. dxc5 Qxc5 20. c3 a5 21. Rd1 Rab8 22. b3 Rfc8 23. Qd4 g6 24. h4 Qxd4 25. Rxd4 Rb5 26. g3 Kg7 27. Rf3 e5 28. c4 dxc4 29. Rd7 Rf8 30. bxc4 Rc5 31. Re7 Kg8 32. Rb3 Rxc4 33. Rxe5 a4 34. Rf3 h5 35. Ra5 Rfc8 36. Ra3 Rc1+ 37. Kg2 R8c2 38. R3xa4 Ra1 39. a3 Rca2 40. Ra7 Re1 41. Rf4 f5 42. Rb4 Re8 43. Rb6 Kh8 44. a4 Rc8 45. a5 Kg8 46. Rxg6+ Kh8 47. Rh6+ Kg8 48. Rxh5 Rc5 49. a6 Rca5 50. Rg5+ Kh8 51. Rg6 Re5 52. Rd6 Re8 53. h5 f4 54. gxf4 Rg8+ 55. Kf3 Ra3+ 56. Ke4 Re8+ 57. Kf5 Ra5+ 58. Kg6 Ra1 59. Kh6 Rg1 60. Rh7+ Kg8 61. Rg6+ Rxg6+ 62. hxg6 Re6 63. a7 Ra6 64. Rb7 1-0

[Event "Titled Tuesday intern op 27th Oct"]
[Site "Chess.com INT"]
[Date "2020.10.27"]
[Round "2"]
[White "Malinovsky, Rostyslav"]
[Black "Mouhamad, Joachin"]
[Result "1-0"]
[WhiteElo "2174"]
[BlackElo "2239"]
[PlyCount "65"]
[EventDate "2020.10.27"]
[EventType "swiss (blitz)"]
[EventRounds "11"]
[EventCountry "USA"]
[SourceTitle "CBM 199 Extra"]
[Source "ChessBase"]
[SourceDate "2021.01.31"]
[SourceVersion "1"]
[SourceVersionDate "2021.01.31"]
[SourceQuality "1"]

1. d4 Nf6 2. c4 g6 3. Nc3 d5 4. cxd5 Nxd5 5. e4 Nxc3 6. bxc3 Bg7 7. Nf3 c5 8. Be3 0-0 9. Qd2 Qa5 10. Rc1 cxd4 11. cxd4 Qxd2+ 12. Nxd2 e6 13. Nb3 b6 14. Bd3 Ba6 15. Ke2 Bxd3+ 16. Kxd3 Na6 17. a3 Rac8 18. f3 Rfd8 19. Rxc8 Rxc8 20. Rc1 Rxc1 21. Nxc1 Kf8 22. Kc4 e5 23. d5 Ke8 24. Kb5 Nb8 25. a4 Bf8 26. a5 Nd7 27. Nb3 Bd6 28. axb6 axb6 29. Bxb6 Nxb6 30. Kxb6 Kd7 31. Nc5+ Ke7 32. Kc6 Bb8 33. Nb7 1-0

[Event "Titled Tuesday intern op 27th Oct"]
[Site "Chess.com INT"]
[Date "2020.10.27"]
[Round "3"]
[White "Simonovic, Miroslav"]
[Black "Malinovsky, Rostyslav"]
[Result "1-0"]
[WhiteElo "2129"]
[BlackElo "2174"]
[PlyCount "113"]
[EventDate "2020.10.27"]
[EventType "swiss (blitz)"]
[EventRounds "11"]
[EventCountry "USA"]
[SourceTitle "CBM 199 Extra"]
[Source "ChessBase"]
[SourceDate "2021.01.31"]
[SourceVersion "1"]
[SourceVersionDate "2021.01.31"]
[SourceQuality "1"]

1. d4 Nf6 2. Bg5 b6 3. Bxf6 exf6 4. c4 Bb7 5. Nc3 f5 6. d5 d6 7. g3 Nd7 8. Bg2 g6 9. e3 Bg7 10. Nge2 0-0 11. 0-0 Nf6 12. Nd4 a6 13. Rb1 Qe7 14. Qd3 Rfe8 15. Nc6 Bxc6 16. dxc6 h5 17. h4 Qe5 18. Nd5 Nxd5 19. Bxd5 a5 20. a4 Re7 21. Kg2 Rae8 22. b4 axb4 23. Rxb4 Bh6 24. Rb5 Qf6 25. a5 bxa5 26. Rxa5 g5 27. hxg5 Qxg5 28. Bf3 Re5 29. Rxe5 dxe5 30. Qd7 Re7 31. Qc8+ Kg7 32. Rh1 f4 33. exf4 exf4 34. Rxh5 Qg6 35. Qg4 fxg3 36. Qxg3 Qxg3+ 37. Kxg3 Kg6 38. Rd5 Bg5 39. Rd7 f5 40. Bd5 Rxd7 41. cxd7 Bd8 42. c5 Kg5 43. c6 f4+ 44. Kf3 Bf6 45. Ke4 Bd8 46. f3 Bf6 47. Be6 Be7 48. Kd5 Kf6 49. Bg4 Bd8 50. Kc5 Ke5 51. Bh5 Be7+ 52. Kb5 Bd8 53. Bg6 Kd6 54. Be4 Ke7 55. Ka6 Kf8 56. Kb7 Ke7 57. Kc8 1-0

[Event "Titled Tuesday intern op 27th Oct"]
[Site "Chess.com INT"]
[Date "2020.10.27"]
[Round "5"]
[White "Sloan, Julia Elizabeth"]
[Black "Malinovsky, Rostyslav"]
[Result "1/2-1/2"]
[WhiteElo "2087"]
[BlackElo "2174"]
[PlyCount "68"]
[EventDate "2020.10.27"]
[EventType "swiss (blitz)"]
[EventRounds "11"]
[EventCountry "USA"]
[SourceTitle "CBM 199 Extra"]
[Source "ChessBase"]
[SourceDate "2021.01.31"]
[SourceVersion "1"]
[SourceVersionDate "2021.01.31"]
[SourceQuality "1"]

1. d4 Nf6 2. c4 g6 3. f3 d5 4. cxd5 Nxd5 5. e4 Nb6 6. Nc3 Bg7 7. a4 a5 8. Be3 Nc6 9. Bb5 0-0 10. Bxc6 bxc6 11. Nge2 e5 12. b3 Be6 13. 0-0 Qe7 14. Qc2 Rfd8 15. Rfd1 exd4 16. Bxd4 c5 17. Bxg7 Kxg7 18. Nf4 c4 19. Nxe6+ Qxe6 20. bxc4 Qxc4 21. Qb2 Kg8 22. Rxd8+ Rxd8 23. h3 Rd3 24. Rc1 Qd4+ 25. Kh1 Nc4 26. Qb8+ Kg7 27. Nd5 Rd2 28. Qxc7 Qf2 29. Rg1 Rc2 30. Qf4 Nd2 31. Qf6+ Kh6 32. Qf4+ Kg7 33. Qf6+ Kh6 34. Qf4+ Kg7 1/2-1/2

[Event "Titled Tuesday intern op 4th Aug 10am"]
[Site "Chess.com INT"]
[Date "2020.08.04"]
[Round "4"]
[White "Malinovsky, Rostyslav"]
[Black "Guimaraes, Wagner Peixoto"]
[Result "1-0"]
[WhiteElo "2174"]
[BlackElo "2218"]
[PlyCount "99"]
[EventDate "2020.08.04"]
[EventType "swiss (blitz)"]
[EventRounds "10"]
[EventCountry "USA"]
[SourceTitle "CBM 197 Extra"]
[Source "ChessBase"]
[SourceDate "2020.09.30"]
[SourceVersion "1"]
[SourceVersionDate "2020.09.30"]
[SourceQuality "1"]

1. d4 Nf6 2. c4 g6 3. Nc3 Bg7 4. e4 d6 5. Be2 0-0 6. Be3 Na6 7. g4 c5 8. d5 e5 9. g5 Nd7 10. h4 f6 11. gxf6 Nxf6 12. h5 Qa5 13. Qd2 Ng4 14. Bxg4 Bxg4 15. hxg6 hxg6 16. Nh3 Bh5 17. Ng5 Nb4 18. Ne6 Rf7 19. Kf1 a6 20. Rh3 b5 21. cxb5 axb5 22. Kg2 c4 23. Rah1 Nd3 24. Rg3 Qb4 25. Rxh5 gxh5 26. Bh6 Nf4+ 27. Nxf4 exf4 28. Rxg7+ Rxg7+ 29. Bxg7 Kxg7 30. Qxf4 Rg8 31. Kf3 Qxb2 32. Qg5+ Kf7 33. Qf5+ Kg7 34. Qd7+ Kh8 35. Nxb5 Qf6+ 36. Ke3 Qg5+ 37. Ke2 Qg7 38. Qxg7+ Rxg7 39. Nxd6 Ra7 40. Nf5 Rxa2+ 41. Ke3 c3 42. d6 c2 43. Kd2 Ra8 44. e5 Rd8 45. e6 Kg8 46. e7 Rc8 47. d7 c1Q+ 48. Kd3 Qc2+ 49. Kd4 Qc3+ 50. Kd5 1-0

[Event "Titled Tuesday intern op 4th Aug 10am"]
[Site "Chess.com INT"]
[Date "2020.08.04"]
[Round "8"]
[White "Malinovsky, Rostyslav"]
[Black "Roebers, Jan"]
[Result "1-0"]
[WhiteElo "2174"]
[BlackElo "2170"]
[PlyCount "73"]
[EventDate "2020.08.04"]
[EventType "swiss (blitz)"]
[EventRounds "10"]
[EventCountry "USA"]
[SourceTitle "CBM 197 Extra"]
[Source "ChessBase"]
[SourceDate "2020.09.30"]
[SourceVersion "1"]
[SourceVersionDate "2020.09.30"]
[SourceQuality "1"]

1. d4 Nf6 2. c4 g6 3. Nc3 Bg7 4. e4 d6 5. Be2 0-0 6. Be3 Na6 7. g4 e5 8. d5 Nc5 9. Bf3 h5 10. gxh5 Nxh5 11. b4 Na6 12. Bxh5 gxh5 13. a3 Bg4 14. f3 Bd7 15. Qd2 f5 16. Bg5 Qe8 17. Nge2 f4 18. Rg1 Kh7 19. 0-0-0 Bf6 20. h4 Qf7 21. Bxf6 Qxf6 22. Rg5 Qf7 23. Rdg1 Rg8 24. c5 Rxg5 25. Rxg5 Rg8 26. c6 bxc6 27. dxc6 Rxg5 28. hxg5 Be6 29. Nd5 Bxd5 30. exd5 h4 31. Qd3+ Qg6 32. Qxa6 h3 33. Qc8 Qh5 34. Qxc7+ Kg6 35. Qxd6+ Kxg5 36. Qxe5+ Kg6 37. Nxf4+ 1-0

[Event "Titled Tuesday intern op 7th July"]
[Site "Chess.com INT"]
[Date "2020.07.07"]
[Round "8"]
[White "Trichkov, Vasil"]
[Black "Malinovsky, Rostyslav"]
[Result "0-1"]
[WhiteElo "2302"]
[BlackElo "2174"]
[PlyCount "86"]
[EventDate "2020.07.07"]
[EventType "swiss (blitz)"]
[EventRounds "10"]
[EventCountry "USA"]
[SourceTitle "CBM 197 Extra"]
[Source "ChessBase"]
[SourceDate "2020.09.30"]
[SourceVersion "1"]
[SourceVersionDate "2020.09.30"]
[SourceQuality "1"]

1. d4 Nf6 2. Nf3 g6 3. g3 Bg7 4. Bg2 0-0 5. 0-0 d5 6. c4 c6 7. Bf4 dxc4 8. a4 Nbd7 9. Na3 Nb6 10. a5 Nbd5 11. Be5 c3 12. bxc3 Nxc3 13. Qc2 Ncd5 14. a6 Bf5 15. Qc1 b6 16. Qxc6 Be4 17. Nd2 Bxg2 18. Kxg2 Rc8 19. Qb7 Nb4 20. Qxa7 Nc6 21. Qb7 Nxe5 22. dxe5 Qxd2 23. exf6 Bxf6 24. a7 Bxa1 25. Rxa1 Qb2 26. Nc2 Qxc2 27. a8Q Rxa8 28. Rxa8 Rxa8 29. Qxa8+ Kg7 30. e3 b5 31. Qb7 Qc5 32. h4 h5 33. Kg1 b4 34. Qb8 e6 35. Qb7 Qc1+ 36. Kg2 Qc3 37. g4 hxg4 38. h5 gxh5 39. Kg3 b3 40. Qe7 Qe5+ 41. Kh4 b2 42. Qb7 Kg6 43. Qb8 Qxb8 0-1